000 01768nam a2200277 i 4500
003 OSt
005 20260408130400.0
008 240624t20242022enka cr 000 f eng d
020 _a9781835406274
_cRM 50.00
_qpaperback
040 _aPPAK
_beng
_cPPAK
_erda
082 0 4 _223
_a823.92
090 0 0 _a823.92
_bCAR
_dK
100 1 _aCarter, Reece,
_eauthor.
245 1 0 _aA Girl Called Corpse /
_cREECE CARTER ; ILLUSTARIONS BY ELEONORA ASPARUHOVA
264 1 _aLondon :
_bUsborne Publishing Limited,
_c2024
264 4 _c©2022
300 _a353 pages, 15 unnumbered pages :
_billustrations ;
_c20 cm
336 _atext
_2rdacontent
337 _aunmediated
_2rdamedia
338 _avolume
_2rdacarrier
520 _a"A spooky, funny, magical and atmospheric adventure with a compelling hero you will adore." Jessica Townsend, New York Times bestselling author of NevermoorMaybe some ghosts enjoy walking through walls and being invisible - not me. I never asked to be a kid ghost.With no memory of the kid she was before she was taken by the Witches, Corpse is bound to haunt the rock-that-doesn't-exist for ever.Until she learns of a treasure, one that can reunite Corpse with her family and her name. She must set off for answers, on a journey across the stormy sea, battling magic, zombie-skeletons and monsters. But the Witches want the treasure too.And they'll do anything to get to it first.Welcome to Elston-Fright, a forgotten town where witches lurk, sea monsters roam and a girl is on the hunt for answers...Previously published in the UK as The Girl, the Ghost and the Lost Name
650 1 0 _aFriendship
_vJuvenile fiction
655 7 _aFantasy fiction
700 1 _aAsparuhova, Eleonora,
_eillustrator.
942 _2ddc
_cB
999 _c203751
_d203751